|
|
|
|
| LEADER |
01750nam a2200373 a 4500 |
| 001 |
GR-Patra22522 |
| 008 |
070822s2006 gr g b 001 0 eng d |
| 020 |
|
|
|a 1412914078
|
| 020 |
|
|
|a 1412914086
|
| 040 |
|
|
|a GrPaTEI
|b gre
|c GR-PaULI
|
| 040 |
|
|
|a GrPaTEI
|b gre
|c GR-PaULI
|
| 082 |
|
0 |
|a 361
|2 21
|
| 100 |
1 |
|
|a Cox, David
|
| 245 |
1 |
0 |
|a International social work :
|b Issues, strategies, and programs /
|c David Cox, Manohar Pawar.
|
| 260 |
|
|
|a United Kingdom :
|b Sage Publications,
|c 2006
|
| 300 |
|
|
|a xiii, 415 σ.
|
| 504 |
|
|
|a Περιλαμβάνει βιβλιογραφίες και ευρετήριο.
|
| 650 |
|
0 |
|a Globalization
|
| 650 |
|
0 |
|a Human services
|x Cross-cultural studies
|
| 650 |
|
0 |
|a Social change
|
| 650 |
|
0 |
|a Social problems
|x Cross-cultural studies
|
| 650 |
|
0 |
|a Social service
|x Cross-cultural studies
|
| 650 |
|
0 |
|a Social work education
|
| 650 |
|
4 |
|a Κοινωνικά προβλήματα
|
| 650 |
|
4 |
|a ΚΟΙΝΩΝΙΚΗ ΕΡΓΑΣΙΑ
|
| 650 |
|
4 |
|a Παγκοσμιοποίηση
|
| 700 |
1 |
|
|a Pawar, Manohar
|
| 710 |
0 |
|
|a SAGE Publications
|
| 942 |
|
|
|2 ddc
|
| 952 |
|
|
|0 0
|1 0
|2 ddc
|4 0
|6 361_000000000000000_COX
|7 0
|9 302528
|a LISK
|b LISK
|c BSC
|d 2021-01-17
|e 24
|f 0
|g 0.00
|l 0
|o 361 COX
|p 92410032294
|r 2021-01-17 00:00:00
|t 1
|w 2021-01-17
|y BK15
|x 20070822 0 1
|x GrPaTEI
|
| 952 |
|
|
|0 0
|1 0
|2 ddc
|4 0
|6 361_000000000000000_COX
|7 0
|9 302529
|a LISK
|b LISK
|c BSC
|d 2021-01-17
|e 24
|f 0
|g 0.00
|l 0
|o 361 COX
|p 92410044644
|r 2021-01-17 00:00:00
|t 1
|w 2021-01-17
|y BK15
|x 20081120 0 1
|x GrPaTEI
|
| 952 |
|
|
|0 0
|1 0
|2 ddc
|4 0
|6 361_000000000000000_COX
|7 0
|9 302530
|a LISK
|b LISK
|c BSC
|d 2021-01-17
|e 24
|f 0
|g 0.00
|l 0
|o 361 COX
|p 92410045145
|r 2021-01-17 00:00:00
|t 1
|w 2021-01-17
|y BK15
|x 20090108 0 1
|x GrPaTEI
|
| 971 |
|
|
|a .b26700955
|b 15-04-20
|c 26-09-16
|
| 999 |
|
|
|c 175781
|d 175781
|